00563nam a22001937a 450000500170000001000130001702000210003003500130005103700160006404000120008008200190009224500810011126000380019227000430023030000240027365000310029765000200032870000210034820170124110015.0 aA-950211 c00.00a818510784 aA-950211 bCen Lib/Ret aDPLbEN a613.04244bUND aUnderstanding women's health issues :cedited by Lakshmi Lingam ba reader / bKali for Women c1998aNew Delhi  bNew Delhi aB 1/8, hauz khass e110016 axi, 228p.c21cm(Hb) aSocial & political issues  aWomen's health  aLingam, Lakshmi